01020nam a2200265Ia 4500003000400000005001700004008004100021020001500062040001800077041000800095082002100103100003200124245012600156250001200282260004800294300003000342650004700372650003200419650002900451700003100480700003100511942002900542999001900571952016400590OSt20241030144811.0210716s2006 xx 000 0 und d a0324314426 cAIMIT LIBRARY aeng a519.5 21bWILT aWilliams, Thomas A.9183851 aContemporary business statistics :bwith microsoft excel /cBy Thomas A Williams, Dennis J Sweeney and David R Anderson. a1st ed. aAustralia :bThomson south western ,c2006. axxix,941p. ;bPBc26.5 cm aDiscrete probability distributions9183852 aInterval estimation9183853 aHypothesis tests9183854 aSweeney, Dennis J.9183855 aAnderson, David R.9183856 2ddccBKe1stk519.5 WILT c205897d205897 00102ddc40708MBAaAIMITbAIMITd2010-12-15g895.00iBill no:ABK.507; Bill dt:2010-09l0o519.5 WILTpMBA08463r2026-05-23 00:00:00v671.25w2021-07-16yBK